Coventry City League Players Since 2014 - Statistics

General Stats
  • This quiz has been taken 29 times
  • The average score is 128 of 306
Answer Stats
% Correct
2022/23 (Championship - 5th) Sweden ST 24 Viktor Gyokeres 46 21
93%
2021/22 (Championship - 12th) Sweden ST 23 Viktor Gyokeres 45 17
93%
2020/21 (Championship - 16th) Sweden ST 22 Viktor Gyokeres 19 3
93%
2023/24 (Championship - 9th) England ST 23 Ellis Simms 46 13
87%
2023/24 (Championship - 9th) England DM 26 Ben Sheaf 31 3
80%
2022/23 (Championship - 5th) England DM 24 Ben Sheaf 35 2
80%
2021/22 (Championship - 12th) England DM 23 Ben Sheaf 35 2
80%
2020/21 (Championship - 16th) England DM 22 Ben Sheaf 30
80%
2023/24 (Championship - 9th) England GK 31 Ben Wilson 18
80%
2022/23 (Championship - 5th) England GK 29 Ben Wilson 43 1
80%
2021/22 (Championship - 12th) England GK 28 Ben Wilson 5
80%
2020/21 (Championship - 16th) England GK 27 Ben Wilson 27
80%
2023/24 (Championship - 9th) England AM 26 Callum O'Hare 31 6
80%
2022/23 (Championship - 5th) England AM 24 Callum O'Hare 11
80%
2021/22 (Championship - 12th) England AM 23 Callum O'Hare 45 5
80%
2020/21 (Championship - 16th) England AM 22 Callum O'Hare 46 3
80%
2019/20 (League One - 1st) England AM 21 Callum O'Hare 29 3
80%
2023/24 (Championship - 9th) Portugal ST 23 Fabio Tavares 5 1
80%
2022/23 (Championship - 5th) Portugal ST 21 Fabio Tavares 9
80%
2021/22 (Championship - 12th) Portugal ST 20 Fabio Tavares 7 1
80%
2022/23 (Championship - 5th) England RB 26 Fankaty Dabo 27
80%
2021/22 (Championship - 12th) England RB 25 Fankaty Dabo 29
80%
2020/21 (Championship - 16th) England RB 24 Fankaty Dabo 28
80%
2019/20 (League One - 1st) England RB 23 Fankaty Dabo 32
80%
2023/24 (Championship - 9th) Netherlands CM 26 Gustavo Hamer 1
80%
2022/23 (Championship - 5th) Netherlands CM 25 Gustavo Hamer 41 9
80%
2021/22 (Championship - 12th) Netherlands CM 24 Gustavo Hamer 39 3
80%
2020/21 (Championship - 16th) Netherlands CM 23 Gustavo Hamer 42 5
80%
2023/24 (Championship - 9th) United States ST 26 Haji Wright 44 16
80%
2023/24 (Championship - 9th) England CM 24 Josh Eccles 44 1
80%
2022/23 (Championship - 5th) England CM 22 Josh Eccles 34 1
80%
2021/22 (Championship - 12th) England CM 21 Josh Eccles 5
80%
2020/21 (Championship - 16th) England CM 20 Josh Eccles 7
80%
2019/20 (League One - 1st) England CM 19 Josh Eccles 3
80%
2023/24 (Championship - 9th) Jamaica AM 27 Kasey Palmer 32 2
80%
2022/23 (Championship - 5th) Jamaica AM 25 Kasey Palmer 29 3
80%
2023/24 (Championship - 9th) England CB 37 Kyle McFadzean 15 1
80%
2022/23 (Championship - 5th) England CB 35 Kyle McFadzean 35 2
80%
2021/22 (Championship - 12th) England CB 34 Kyle McFadzean 37 3
80%
2020/21 (Championship - 16th) England CB 33 Kyle McFadzean 38 2
80%
2019/20 (League One - 1st) England CB 32 Kyle McFadzean 30
80%
2023/24 (Championship - 9th) Scotland DM 34 Liam Kelly 16
80%
2022/23 (Championship - 5th) Scotland DM 32 Liam Kelly 10
80%
2021/22 (Championship - 12th) Scotland DM 31 Liam Kelly 16
80%
2020/21 (Championship - 16th) Scotland DM 30 Liam Kelly 23 2
80%
2019/20 (League One - 1st) Scotland DM 29 Liam Kelly 27
80%
2018/19 (League One - 8th) Scotland DM 28 Liam Kelly 30
80%
2017/18 (League Two - 6th) Scotland DM 27 Liam Kelly 33 1
80%
2023/24 (Championship - 9th) England ST 32 Matt Godden 35 6
80%
2022/23 (Championship - 5th) England ST 30 Matt Godden 30 8
80%
2021/22 (Championship - 12th) England ST 29 Matt Godden 24 12
80%
2020/21 (Championship - 16th) England ST 28 Matt Godden 23 6
80%
2019/20 (League One - 1st) England ST 27 Matt Godden 26 14
80%
2023/24 (Championship - 9th) England CB 23 Bobby Thomas 44 2
73%
2022/23 (Championship - 5th) England CB 18 Callum Doyle 41
73%
2021/22 (Championship - 12th) Netherlands LB 19 Ian Maatsen 40 3
73%
2023/24 (Championship - 9th) Wales LB 26 Jay Dasilva 37
73%
2023/24 (Championship - 9th) Jamaica CB 24 Joel Latibeaudiere 41 2
73%
2018/19 (League One - 8th) Ireland CM 36 Michael Doyle 23 1
73%
2017/18 (League Two - 6th) Ireland CM 35 Michael Doyle 44 3
73%
2022/23 (Championship - 5th) England GK 32 Simon Moore 3
73%
2021/22 (Championship - 12th) England GK 31 Simon Moore 41
73%
2023/24 (Championship - 9th) Japan RM 27 Tatsuhiro Sakamoto 29 7
73%
2023/24 (Championship - 9th) Denmark CM 24 Victor Torp 15
73%
2016/17 (League One - 23rd) England ST 19 Andre Wright 11 2
67%
2023/24 (Championship - 9th) England GK 27 Bradley Collins 28
67%
2015/16 (League One - 8th) England DM 21 Conor Thomas 3
67%
2014/15 (League One - 17th) England DM 20 Conor Thomas 16
67%
2016/17 (League One - 23rd) Wales AM 19 George Thomas 28 5
67%
2015/16 (League One - 8th) Wales AM 18 George Thomas 7
67%
2014/15 (League One - 17th) Wales AM 17 George Thomas 6
67%
2023/24 (Championship - 9th) England LB 31 Jake Bidwell 33 1
67%
2022/23 (Championship - 5th) England LB 29 Jake Bidwell 45 1
67%
2021/22 (Championship - 12th) England LB 28 Jake Bidwell 16
67%
2023/24 (Championship - 9th) England CM 29 Jamie Allen 22 1
67%
2022/23 (Championship - 5th) England CM 27 Jamie Allen 37 6
67%
2021/22 (Championship - 12th) England CM 26 Jamie Allen 38 1
67%
2020/21 (Championship - 16th) England CM 25 Jamie Allen 22 1
67%
2019/20 (League One - 1st) England CM 24 Jamie Allen 11 1
67%
2016/17 (League One - 23rd) St. Kitts & Nevis ST 20 Kwame Thomas 14 3
67%
2018/19 (League One - 8th) England RW 19 Luke Thomas 43 4
67%
2023/24 (Championship - 9th) Netherlands RB 23 Milan van Ewijk 42 2
67%
2022/23 (Championship - 5th) Scotland CB 26 Dominic Hyam 2
60%
2021/22 (Championship - 12th) Scotland CB 25 Dominic Hyam 43 2
60%
2020/21 (Championship - 16th) Scotland CB 24 Dominic Hyam 43 3
60%
2019/20 (League One - 1st) Scotland CB 23 Dominic Hyam 29 2
60%
2018/19 (League One - 8th) Scotland CB 22 Dominic Hyam 38 1
60%
2017/18 (League Two - 6th) Scotland CB 21 Dominic Hyam 14
60%
2015/16 (League One - 8th) England AM 18 James Maddison 23 3
60%
2014/15 (League One - 17th) England AM 17 James Maddison 12 2
60%
2021/22 (Championship - 12th) Malta RW 23 Jodi Jones 9
60%
2018/19 (League One - 8th) Malta RW 20 Jodi Jones 8 1
60%
2017/18 (League Two - 6th) Malta RW 19 Jodi Jones 19 5
60%
2016/17 (League One - 23rd) Malta RW 18 Jodi Jones 34 1
60%
2015/16 (League One - 8th) Malta RW 17 Jodi Jones 6
60%
2018/19 (League One - 8th) England GK 26 Lee Burge 40
60%
2017/18 (League Two - 6th) England GK 24 Lee Burge 40
60%
2016/17 (League One - 23rd) England GK 23 Lee Burge 33
60%
2015/16 (League One - 8th) England GK 22 Lee Burge 9
60%
2014/15 (League One - 17th) England GK 21 Lee Burge 18
60%
2023/24 (Championship - 9th) England CB 24 Liam Kitching 28 1
60%
2020/21 (Championship - 16th) France ST 29 Maxime Biamou 34 5
60%
2019/20 (League One - 1st) France ST 28 Maxime Biamou 18 4
60%
2018/19 (League One - 8th) France ST 27 Maxime Biamou 4
60%
2017/18 (League Two - 6th) France ST 26 Maxime Biamou 39 5
60%
2022/23 (Championship - 5th) England RB 28 Todd Kane 9
60%
2021/22 (Championship - 12th) England RB 27 Todd Kane 29 1
60%
2023/24 (Championship - 9th) Sweden CM 20 Yasin Ayari 13 1
60%
2020/21 (Championship - 16th) Sierre Leone ST 24 Amadou Bakayoko 14
53%
2019/20 (League One - 1st) Sierre Leone ST 23 Amadou Bakayoko 23 4
53%
2018/19 (League One - 8th) Sierre Leone ST 22 Amadou Bakayoko 31 7
53%
2014/15 (League One - 17th) England GK 25 Jamie Jones 4
53%
2015/16 (League One - 8th) Scotland CM 23 John Fleck 40 4
53%
2014/15 (League One - 17th) Scotland CM 22 John Fleck 44
53%
2022/23 (Championship - 5th) England CB 21 Jonathan Panzo 29 1
53%
2021/22 (Championship - 12th) Ireland LM 23 Jordan Shipley 11 1
53%
2020/21 (Championship - 16th) Ireland LM 22 Jordan Shipley 27 3
53%
2019/20 (League One - 1st) Ireland LM 21 Jordan Shipley 31 5
53%
2018/19 (League One - 8th) Ireland LM 20 Jordan Shipley 33 3
53%
2017/18 (League Two - 6th) Ireland LM 19 Jordan Shipley 30 4
53%
2016/17 (League One - 23rd) Ireland LM 19 Jordan Shipley 1
53%
2022/23 (Championship - 5th) England LB 19 Josh Wilson-Esbrand 14
53%
2023/24 (Championship - 9th) England CB 22 Luis Binks 18
53%
2022/23 (Championship - 5th) Ireland CB 22 Luke McNally 19
53%
2020/21 (Championship - 16th) Slovakia GK 26 Marko Marosi 20
53%
2019/20 (League One - 1st) Slovakia GK 25 Marko Marosi 34
53%
2016/17 (League One - 23rd) Australia CB 26 Andy Rose 21 2
47%
2015/16 (League One - 8th) Australia CB 25 Andy Rose 12 2
47%
2022/23 (Championship - 5th) England RB 18 Brooke Norton-Cuffy 21
47%
2015/16 (League One - 8th) England AM 33 Joe Cole 22 2
47%
2014/15 (League One - 17th) England RB 22 Jordan Clarke 11 1
47%
2020/21 (Championship - 16th) Norway CB 20 Leo Ostigard 39 3
47%
2017/18 (League Two - 6th) Scotland ST 24 Marc McNulty 42 23
47%
2022/23 (Championship - 5th) Scotland CB 26 Michael Rose 24
47%
2021/22 (Championship - 12th) Scotland CB 25 Michael Rose 29 3
47%
2020/21 (Championship - 16th) Scotland CB 24 Michael Rose 17
47%
2019/20 (League One - 1st) Scotland CB 23 Michael Rose 31 2
47%
2016/17 (League One - 23rd) England CB 32 Nathan Clarke 18
47%
2020/21 (Championship - 16th) England LB 19 Sam McCallum 41 1
47%
2019/20 (League One - 1st) England LB 18 Sam McCallum 26 2
47%
2018/19 (League One - 8th) England LB 17 Sam McCallum 7
47%
2015/16 (League One - 8th) England ST 18 Adam Armstrong 40 20
40%
2018/19 (League One - 8th) Jamaica ST 23 Jonson Clarke-Harris 27 5
40%
2017/18 (League Two - 6th) Jamaica ST 22 Jonson Clarke-Harris 17 2
40%
2018/19 (League One - 8th) England CB 23 Jordan Willis 38 1
40%
2017/18 (League Two - 6th) England CB 22 Jordan Willis 35
40%
2016/17 (League One - 23rd) England CB 21 Jordan Willis 36 3
40%
2015/16 (League One - 8th) England CB 20 Jordan Willis 4
40%
2014/15 (League One - 17th) England CB 19 Jordan Willis 34
40%
2021/22 (Championship - 12th) France RB 25 Julien Dacosta 4
40%
2020/21 (Championship - 16th) France RB 24 Julien Dacosta 18
40%
2023/24 (Championship - 9th) Wales CM 17 Kai Andrews 2
40%
2022/23 (Championship - 5th) England ST 32 Martyn Waghorn 11 1
40%
2021/22 (Championship - 12th) England ST 31 Martyn Waghorn 27 1
40%
2022/23 (Championship - 5th) Ireland ST 28 Sean Maguire 7
40%
2023/24 (Championship - 9th) England ST 17 Aidan Dausch 2
33%
2018/19 (League One - 8th) England SS 21 Conor Chaplin 31 8
33%
2018/19 (League One - 8th) England RB 18 Dujon Sterling 38
33%
2018/19 (League One - 8th) Scotland RB 24 Jack Grimmer 11
33%
2017/18 (League Two - 6th) Scotland RB 23 Jack Grimmer 42 1
33%
2015/16 (League One - 8th) England RW 20 Jacob Murphy 40 9
33%
2021/22 (Championship - 12th) England CB 23 Jake Clarke-Salter 29
33%
2019/20 (League One - 1st) England ST 24 Jordy Hiwula 15 2
33%
2018/19 (League One - 8th) England ST 23 Jordy Hiwula 39 12
33%
2018/19 (League One - 8th) England LB 29 Junior Brown 22
33%
2020/21 (Championship - 16th) England CM 28 Matty James 23 3
33%
2015/16 (League One - 8th) Benin CB 27 Reda Johnson 12 2
33%
2014/15 (League One - 17th) Benin CB 26 Reda Johnson 20 5
33%
2016/17 (League One - 23rd) Grenada GK 22 Reice Charles-Cook 15
33%
2015/16 (League One - 8th) Grenada GK 21 Reice Charles-Cook 37
33%
2015/16 (League One - 8th) England LW 18 Ryan Kent 17 1
33%
2022/23 (Championship - 5th) England ST 25 Tyler Walker 18 1
33%
2021/22 (Championship - 12th) England ST 24 Tyler Walker 19 2
33%
2020/21 (Championship - 16th) England ST 23 Tyler Walker 31 7
33%
2020/21 (Championship - 16th) France LW 26 Wesley Jobello 3
33%
2019/20 (League One - 1st) France LW 25 Wesley Jobello 10 1
33%
2019/20 (League One - 1st) England LB 21 Brandon Mason 11
27%
2018/19 (League One - 8th) England LB 20 Brandon Mason 25
27%
2017/18 (League Two - 6th) Haiti ST 23 Duckens Nazon 21 6
27%
2016/17 (League One - 23rd) Burundi CM 22 Gael Bigirimana 30
27%
2015/16 (League One - 8th) Burundi CM 21 Gael Bigirimana 13
27%
2020/21 (Championship - 16th) Curacao LW 24 Gervane Kastaneer 2
27%
2019/20 (League One - 1st) Curacao LW 23 Gervane Kastaneer 10 1
27%
2015/16 (League One - 8th) Scotland CM 27 Jim O'Brien 26 2
27%
2014/15 (League One - 17th) Scotland CM 26 Jim O'Brien 44 6
27%
2020/21 (Championship - 16th) England CB 21 Jordon Thompson 2
27%
2018/19 (League One - 8th) England CB 19 Jordon Thompson 4
27%
2018/19 (League One - 8th) England GK 26 Liam O'Brien 4
27%
2017/18 (League Two - 6th) England GK 25 Liam O'Brien 7
27%
2014/15 (League One - 17th) England AM 21 Luke Williams 5
27%
2018/19 (League One - 8th) England CB 18 Morgan Williams 1
27%
2020/21 (Championship - 16th) England LB 20 Ryan Giles 19
27%
2019/20 (League One - 1st) England LB 19 Ryan Giles 1
27%
2017/18 (League Two - 6th) England LB 21 Ryan Haynes 21
27%
2016/17 (League One - 23rd) England LB 20 Ryan Haynes 19
27%
2015/16 (League One - 8th) England LB 19 Ryan Haynes 9
27%
2014/15 (League One - 17th) England LB 18 Ryan Haynes 26 1
27%
2022/23 (Championship - 5th) Wales CM 18 Ryan Howley 4
27%
2021/22 (Championship - 12th) Wales CM 17 Ryan Howley 1
27%
2014/15 (League One - 17th) Canada ST 27 Simeon Jackson 28 3
27%
2017/18 (League Two - 6th) England ST 33 Stuart Beavon 14
27%
2016/17 (League One - 23rd) England ST 32 Stuart Beavon 14 2
27%
2018/19 (League One - 8th) England CM 19 Tom Bayliss 38 3
27%
2017/18 (League Two - 6th) England CM 18 Tom Bayliss 24 5
27%
2018/19 (League One - 8th) France CM 30 Tony Andreu 10 1
27%
2017/18 (League Two - 6th) France CM 29 Tony Andreu 5
27%
2015/16 (League One - 8th) England RB 21 Aaron Phillips 23
20%
2014/15 (League One - 17th) England RB 20 Aaron Phillips 19
20%
2018/19 (League One - 8th) Nigeria ST 20 Bright Enobakhare 18 6
20%
2017/18 (League Two - 6th) England CB 26 Chris Stokes 29
20%
2016/17 (League One - 23rd) England CB 25 Chris Stokes 7
20%
2015/16 (League One - 8th) England CB 24 Chris Stokes 36 2
20%
2014/15 (League One - 17th) England CB 23 Chris Stokes 16 1
20%
2018/19 (League One - 8th) Ireland CM 29 David Meyler 5
20%
2022/23 (Championship - 5th) Scotland RM 21 Jack Burroughs 12
20%
2020/21 (Championship - 16th) Scotland RM 19 Jack Burroughs 2
20%
2018/19 (League One - 8th) England ST 19 Jordan Ponticelli 5
20%
2017/18 (League Two - 6th) England ST 18 Jordan Ponticelli 19 3
20%
2017/18 (League Two - 6th) England LW 29 Kyel Reid 13
20%
2016/17 (League One - 23rd) England LW 28 Kyel Reid 29 2
20%
2019/20 (League One - 1st) England CM 21 Liam Walsh 26 3
20%
2016/17 (League One - 23rd) England ST 25 Marvin Sordell 20 4
20%
2017/18 (League Two - 6th) Jersey RM 30 Peter Vincenti 24 3
20%
2017/18 (League Two - 6th) England CB 25 Rod McDonald 37
20%
2015/16 (League One - 8th) France DM 29 Romain Vincelot 45 4
20%
2016/17 (League One - 23rd) Portugal RW 21 Ruben Lameiras 27 1
20%
2015/16 (League One - 8th) Portugal RW 20 Ruben Lameiras 29 2
20%
2016/17 (League One - 23rd) Wales RB 34 Sam Ricketts 7
20%
2015/16 (League One - 8th) Wales RB 33 Sam Ricketts 43 1
20%
2019/20 (League One - 1st) England RB 22 Tennai Watson 3
20%
2018/19 (League One - 8th) Wales CB 26 Tom Davies 23
20%
2017/18 (League Two - 6th) Wales CB 25 Tom Davies 21
20%
2020/21 (Championship - 16th) England RW 17 Will Bapaga 2
20%
2019/20 (League One - 1st) England RW 16 Will Bapaga 1
20%
2016/17 (League One - 23rd) Nigeria ST 33 Yakubu Aiyegbeni 3
20%
2018/19 (League One - 8th) England CM 28 Abu Ogogo 10
13%
2017/18 (League Two - 6th) England DM 19 Callum Maycock 1
13%
2016/17 (League One - 23rd) England DM 18 Callum Maycock 3
13%
2019/20 (League One - 1st) England RM 21 Charlie Wakefield 1
13%
2018/19 (League One - 8th) England RM 20 Charlie Wakefield 8
13%
2016/17 (League One - 23rd) Wales CB 19 Cian Harries 8
13%
2015/16 (League One - 8th) Wales CB 18 Cian Harries 1
13%
2018/19 (League One - 8th) England GK 32 David Stockdale 2
13%
2019/20 (League One - 1st) England CB 19 Declan Drysdale 1
13%
2017/18 (League Two - 6th) England RM 20 Devon Kelly-Evans 13 1
13%
2016/17 (League One - 23rd) England RM 19 Devon Kelly-Evans 1
13%
2017/18 (League Two - 6th) England RB 20 Dion Kelly-Evans 3
13%
2016/17 (League One - 23rd) England RB 19 Dion Kelly-Evans 24
13%
2015/16 (League One - 8th) England RB 18 Dion Kelly-Evans 1
13%
2014/15 (League One - 17th) England ST 22 Frank Nouble 31 6
13%
2016/17 (League One - 23rd) United States ST 21 Jack McBean 2
13%
2020/21 (Championship - 16th) England CB 22 Josh Pask 17
13%
2019/20 (League One - 1st) England CB 21 Josh Pask 2
13%
2016/17 (League One - 23rd) England ST 33 Marcus Tudgay 28 4
13%
2015/16 (League One - 8th) England ST 32 Marcus Tudgay 25 4
13%
2014/15 (League One - 17th) England ST 31 Marcus Tudgay 22 4
13%
2015/16 (League One - 8th) Sweden RB 30 Martin Lorentzson 7
13%
2014/15 (League One - 17th) Germany ST 27 Nick Proschwitz 9 1
13%
2014/15 (League One - 17th) England GK 22 Ryan Allsop 24
13%
2015/16 (League One - 8th) Ireland LM 33 Stephen Hunt 5
13%
2016/17 (League One - 23rd) Bulgaria CM 28 Vladimir Gadzhev 14 1
13%
2015/16 (League One - 8th) Bulgaria CM 27 Vladimir Gadzhev 2
13%
2019/20 (League One - 1st) England CM 22 Zain Westbrooke 25 4
13%
2018/19 (League One - 8th) England CM 21 Zain Westbrooke 7
13%
2015/16 (League One - 8th) England CB 25 Aaron Martin 29 2
7%
2014/15 (League One - 17th) England CB 24 Aaron Martin 27
7%
2014/15 (League One - 17th) Northern Ireland CB 23 Adam Barton 27
7%
2014/15 (League One - 17th) Scotland CB 32 Andy Webster 30
7%
2015/16 (League One - 8th) England CB 19 Baily Cargill 5 1
7%
2017/18 (League Two - 6th) England CM 20 Ben Stevenson 5
7%
2016/17 (League One - 23rd) England CM 19 Ben Stevenson 28 2
7%
2015/16 (League One - 8th) England CB 26 Ben Turner 5 1
7%
2014/15 (League One - 17th) England CM 19 Billy Daniels 2
7%
2015/16 (League One - 8th) England DM 19 Bryn Morris 6
7%
2016/17 (League One - 23rd) Ireland CM 22 Callum Reilly 18
7%
2016/17 (League One - 23rd) England LW 19 Charles Vernam 4
7%
2016/17 (League One - 23rd) England LM 19 Chris Camwell 1
7%
2016/17 (League One - 23rd) Ireland DM 28 Chris McCann 13 1
7%
2016/17 (League One - 23rd) England ST 19 Dan Agyei 16 4
7%
2014/15 (League One - 17th) England LB 31 Danny Pugh 5
7%
2015/16 (League One - 8th) England ST 33 Darius Henderson 5
7%
2016/17 (League One - 23rd) England CB 19 Farrend Rawson 14
7%
2014/15 (League One - 17th) England RM 19 Grant Ward 11
7%
2015/16 (League One - 8th) England CB 21 Jack Stephens 16
7%
2016/17 (League One - 23rd) England RB 20 Jamie Sterry 16
7%
2017/18 (League Two - 6th) England RW 19 Jordan Maguire-Drew 3
7%
2017/18 (League Two - 6th) Ireland AM 19 Josh Barrett 6
7%
2016/17 (League One - 23rd) Ireland RB 31 Kevin Foley 12
7%
2016/17 (League One - 23rd) England LW 18 Kyle Spence 1
7%
2016/17 (League One - 23rd) England LB 20 Lewis Page 22
7%
2015/16 (League One - 8th) France ST 33 Marc-Antoine Fortune 25 4
7%
2014/15 (League One - 17th) England CB 19 Matthew Pennington 24
7%
2016/17 (League One - 23rd) England ST 18 Michael Folivi 1
7%
2014/15 (League One - 17th) Senegal ST 25 Mohamed Coulibaly 4
7%
2015/16 (League One - 8th) England CB 31 Peter Ramage 4
7%
2018/19 (League One - 8th) England LW 22 Reise Allassani 5
7%
2014/15 (League One - 17th) England ST 26 Shaun Miller 12 1
7%
2014/15 (League One - 17th) Jamaica ST 20 Blair Turgott 3 1
0%
2014/15 (League One - 17th) Scotland RM 27 Danny Swanson 15
0%
2014/15 (League One - 17th) England ST 20 Dominic Samuel 13 6
0%
2014/15 (League One - 17th) England ST 23 Gary Madine 11 3
0%
2014/15 (League One - 17th) England DM 17 Jack Finch 16
0%
2016/17 (League One - 23rd) England CB 21 Jordan Turnbull 36
0%
2014/15 (League One - 17th) Northern Ireland ST 24 Josh McQuoid 14 3
0%
2014/15 (League One - 17th) England LW 21 Sanmi Odelusi 14 3
0%
2014/15 (League One - 17th) England CB 26 Seb Hines 9
0%
No matching quizzes found
Score Distribution
Percent of People with Each Score
Percentile by Number Answered
Your Score History
You have not taken this quiz